000
00288nam a22001337a 4500
008
180112b xxu||||| |||| 00| 0 eng d
020
_a
9780883639337
041
_a
eng
080
_a
7
100
_a
44
101
_a
ART
245
_a
Great rubber stamping
_c
Ritchie,J
942
_2
udc
_c
BK
999
_c
40203
_d
40203